- Marcelo García, Carlos
Entry Nombre Personal
001 - NUMERO DE CONTROL
- campo de control: 32073
003 - IDENTIFICADOR DE NUMERO DE CONTROL
- campo de control: MX-MxUPN
005 - FECHA Y HORA DE LA ÜLTIMA TRANSACCIÓN
- campo de control: 20241119122408.0
008 - DATOS DE LONGITUD FIJA
- campo de control de longitud fija: 241119n| acannaabn a aaa |d
024 7# - OTROS IDENTIFICADORES NORMALIZADOS
- Fuente: orcid
- Número normalizado o código: 0000-0002-8547-367X
035 ## - NUMERO DE CONTROL
- Número de control: UPN11000004179
040 ## - FUENTE DE CATALOGACIÓN
- Agencia original de catalogación: MX-MxUPN
- Lenguaje de catalogación: spa
- Agencia de transcripción: MX-MxUPN
100 1# - ENCABEZAMIENTO - NOMBRE PERSONAL
- Nombre personal: Marcelo García, Carlos
370 ## - LUGAR ASOCIADO
- Associated country: Sevilla, España
371 ## - DIRECCIÓN
- Electronic mail address: marcelo@us.es
372 ## - CAMPO DE ACTIVIDAD
- Field of activity: E-learning. Metodología para la formación por internet.
- Field of activity: Mejora escolar, mejora educativa
373 ## - GRUPO ASOCIADO
- Associated group: Universidad de Sevilla. Departamento de Didáctica y Organización Educativa
374 ## - OCUPACIÓN
- Occupation: Profesor - investigador universitario
400 1# - VEÁSE - NOMBRE DE PERSONA
- Personal name: Marcelo, Carlos
670 ## - FUENTE EN LA QUE SE LOCALIZARON DATOS
- Cita de la fuente: LC
670 ## - FUENTE EN LA QUE SE LOCALIZARON DATOS
- Cita de la fuente: En sitio web: Universidad de Sevilla
- Información localizada: (Carlos Marcelo García)
- Uniform Resource Identifier: https://www.us.es/trabaja-en-la-us/directorio/carlos-marcelo-garcia
670 ## - FUENTE EN LA QUE SE LOCALIZARON DATOS
- Cita de la fuente: Conectados para aprender : nuevas tendencias en desarrollo profesional docente, 2024:
- Información localizada: portada (Carlos Marcelo)
902 ## - CATALOGADOR
- Catalogador: CAA/070512
- Catalogador: BLSM/301122/M
